书目信息 |
| 题名: |
战伤自救互救
|
|
| 作者: | 范正祥 , 郭武备 编 | |
| 分册: | ||
| 出版信息: | 北京 战士出版社 1980 |
|
| 页数: | 125页 | |
| 开本: | 19cm | |
| 丛书名: | 军事科技知识普及丛书 | |
| 单 册: | ||
| 中图分类: | R826.1 , R826 | |
| 科图分类: | ||
| 主题词: | 损伤-急救-军事医学--基本知识 , 急救-损伤-军事医学--基本知识 , 军事医学-急救-损伤--基本知识 , 军事医学 | |
| 电子资源: | ||
| ISBN: | ||
| 000 | 00901nam2 2200325 45 | |
| 001 | 0180008786 | |
| 005 | 20040524082947.4 | |
| 010 | @dCNY0.30 | |
| 091 | @a15185.18 | |
| 100 | @a19950413d1980 em y0chiy0121 ea | |
| 101 | 0 | @achi |
| 102 | @aCN@b110000 | |
| 105 | @ay z 000yy | |
| 106 | @ar | |
| 200 | 10 | @a战伤自救互救@Azhan shang zi jiu hu jiu@f范正祥,郭武备编 |
| 210 | @a北京@c战士出版社@d1980 | |
| 215 | @a125页@d19cm | |
| 225 | 2 | @a军事科技知识普及丛书 |
| 410 | 0 | @120010@a军事科技知识普及丛书 |
| 606 | @a损伤-急救-军事医学@x基本知识 | |
| 606 | @a急救-损伤-军事医学@x基本知识 | |
| 606 | @a军事医学-急救-损伤@x基本知识 | |
| 606 | 0 | @a军事医学 |
| 690 | @aR826.1@v3 | |
| 690 | @aR826 | |
| 701 | 0 | @a范正祥@Afan zheng xiang@4编 |
| 701 | 0 | @a郭武备@Aguo wu bei@4编 |
| 801 | 0 | @aCN@b上海图书馆@c20040524 |
| 801 | 2 | @aCN@bNLC@c20040524 |
| 905 | @f0@f2@b40925-926@dR826@e1 | |
| 战伤自救互救/范正祥,郭武备编.-北京:战士出版社,1980 |
| 125页;19cm.-(军事科技知识普及丛书) |
| ISBN :CNY0.30 |
| ● |
| 相关链接 |
|
|
|
|
正题名:战伤自救互救
索取号:R826/1
 
预约/预借
| 序号 | 登录号 | 条形码 | 馆藏地/架位号 | 状态 | 备注 |
| 1 | 0040925 | 000716210 | 第三借阅区/ [索取号:R826/1] | 在馆 | |
| 2 | 0040926 | 000716229 | 第三借阅区/ [索取号:R826/1] | 在馆 | |
| 3 | 0040927 | 000716238 | 第二样本阅览室/ [索取号:R826/1] | 在馆 |